<?xml version="1.0" encoding="UTF-8"?>
<record
    xmlns:xsi="http://www.w3.org/2001/XMLSchema-instance"
    xsi:schemaLocation="http://www.loc.gov/MARC21/slim http://www.loc.gov/standards/marcxml/schema/MARC21slim.xsd"
    xmlns="http://www.loc.gov/MARC21/slim">

  <leader>01115nam0a22002771  4500</leader>
  <controlfield tag="001">RU\NLR\INFOCOMM_211\5000003212</controlfield>
  <controlfield tag="005">20250613093318.0</controlfield>
  <datafield tag="035" ind1=" " ind2=" ">
    <subfield code="a">(NLR Aleph) 009198146</subfield>
  </datafield>
  <datafield tag="090" ind1=" " ind2=" ">
    <subfield code="a">8672610</subfield>
    <subfield code="c">8672610</subfield>
  </datafield>
  <datafield tag="100" ind1=" " ind2=" ">
    <subfield code="a">20100609d1935    |||y0rusy50      ca</subfield>
  </datafield>
  <datafield tag="101" ind1="0" ind2=" ">
    <subfield code="a">gre</subfield>
  </datafield>
  <datafield tag="102" ind1=" " ind2=" ">
    <subfield code="a">RU</subfield>
  </datafield>
  <datafield tag="105" ind1=" " ind2=" ">
    <subfield code="a">y   ||||000|y</subfield>
  </datafield>
  <datafield tag="200" ind1="1" ind2=" ">
    <subfield code="a">&#x393;&#x3B9;&#x3B1; &#x3C4;&#x3B9;&#x3BD; &#x3C7;&#x3C4;&#x3B9;&#x3BD;&#x3BF;&#x3C4;&#x3C1;&#x3BF;&#x3C6;&#x3AF;&#x3B1;</subfield>
    <subfield code="f">&#x399; &#x1F14;&#x3BA;&#x3B8;&#x3B5;&#x3C3;&#x3B9; &#x3C4;&#x3C5; &#x3C3;. &#x3A4;&#x3C3;&#x3B5;&#x3C1;&#x3BD;&#x3CC;&#x3C6;</subfield>
    <subfield code="g">&#x3A4;&#x3BF; VII &#x3C3;&#x3C5;&#x3BD;&#x3AD;&#x3B4;&#x3C1;&#x3B9;&#x3BF;&#x3BD; &#x3C4;&#x3BF;&#x3C5; &#x3A3;&#x3BF;&#x3B2;&#x3AD;&#x3C4;</subfield>
  </datafield>
  <datafield tag="210" ind1=" " ind2=" ">
    <subfield code="a">&#x3A1;&#x3BF;&#x3C3;&#x3C4;&#x3BF;&#x3B2;-&#x39D;&#x3C4;&#x3BF;&#x3BD;</subfield>
    <subfield code="c">&#x39A;&#x3BF;&#x3BC;&#x3C5;&#x3BD;&#x3AF;&#x3C3;&#x3C4;&#x3B9;&#x3C2;</subfield>
    <subfield code="d">1935</subfield>
  </datafield>
  <datafield tag="215" ind1=" " ind2=" ">
    <subfield code="a">25 &#x441;.</subfield>
    <subfield code="d">22 &#x441;&#x43C;</subfield>
  </datafield>
  <datafield tag="300" ind1=" " ind2=" ">
    <subfield code="a">&#x412; &#x432;&#x44B;&#x43F;. &#x434;&#x430;&#x43D;.: &#x41E; &#x43C;&#x435;&#x440;&#x43E;&#x43F;&#x440;&#x438;&#x44F;&#x442;&#x438;&#x44F;&#x445; &#x43F;&#x43E; &#x443;&#x43A;&#x440;&#x435;&#x43F;&#x43B;&#x435;&#x43D;&#x438;&#x44E; &#x438; &#x440;&#x430;&#x437;&#x432;&#x438;&#x442;&#x438;&#x44E; &#x436;&#x438;&#x432;&#x43E;&#x442;&#x43D;&#x43E;&#x432;&#x43E;&#x434;&#x441;&#x442;&#x432;&#x430; / &#x414;&#x43E;&#x43A;&#x43B;. &#x41D;&#x430;&#x440;. &#x43A;&#x43E;&#x43C;&#x438;&#x441;&#x441;&#x430;&#x440;&#x430; &#x437;&#x435;&#x43C;&#x43B;&#x435;&#x434;&#x435;&#x43B;&#x438;&#x44F; &#x421;&#x421;&#x421;&#x420; &#x442;&#x43E;&#x432;. &#x41C;. &#x410;. &#x427;&#x435;&#x440;&#x43D;&#x43E;&#x432;&#x430;</subfield>
  </datafield>
  <datafield tag="606" ind1=" " ind2=" ">
    <subfield code="a">&#x416;&#x438;&#x432;&#x43E;&#x442;&#x43D;&#x43E;&#x432;&#x43E;&#x434;&#x441;&#x442;&#x432;&#x43E;</subfield>
    <subfield code="y">&#x421;&#x421;&#x421;&#x420;</subfield>
    <subfield code="2">nlr_sh1</subfield>
  </datafield>
  <datafield tag="686" ind1=" " ind2=" ">
    <subfield code="a">&#x423;32(2)52</subfield>
    <subfield code="2">rubbk</subfield>
  </datafield>
  <datafield tag="700" ind1=" " ind2="1">
    <subfield code="9">z01790</subfield>
    <subfield code="a">&#x10C;ernov</subfield>
    <subfield code="b">M. A.</subfield>
    <subfield code="g">Michail Aleksandrovi&#x10D;</subfield>
    <subfield code="4">070</subfield>
  </datafield>
  <datafield tag="790" ind1=" " ind2="1">
    <subfield code="9">z01700</subfield>
    <subfield code="a">&#x3A4;&#x3C3;&#x3B5;&#x3C1;&#x3BD;&#x3CC;&#x3C6;</subfield>
    <subfield code="4">070</subfield>
  </datafield>
  <datafield tag="801" ind1=" " ind2="1">
    <subfield code="a">RU</subfield>
    <subfield code="b">NLR</subfield>
    <subfield code="c">20100609</subfield>
  </datafield>
  <datafield tag="801" ind1=" " ind2="0">
    <subfield code="a">RU</subfield>
    <subfield code="b">NLR</subfield>
    <subfield code="g">PSBO</subfield>
  </datafield>
  <datafield tag="852" ind1=" " ind2=" ">
    <subfield code="a">NLR</subfield>
    <subfield code="j">D10/345</subfield>
  </datafield>
  <datafield tag="942" ind1=" " ind2=" ">
    <subfield code="c">BOOK</subfield>
  </datafield>
  <datafield tag="980" ind1=" " ind2=" ">
    <subfield code="a">NB</subfield>
  </datafield>
  <datafield tag="995" ind1=" " ind2=" ">
    <subfield code="5">2013-10-26</subfield>
    <subfield code="b">NLR02</subfield>
    <subfield code="c">NLR02</subfield>
    <subfield code="e">IFS</subfield>
    <subfield code="f">9198146-10</subfield>
    <subfield code="k">D10/345</subfield>
    <subfield code="o">0</subfield>
    <subfield code="r">BOOK</subfield>
    <subfield code="s">D10345_</subfield>
  </datafield>
</record>
